Transportation network analysis (Record no. 547273)
[ view plain ]
| 000 -LEADER | |
|---|---|
| fixed length control field | 00569cam a2200169 a 4500 |
| 020 ## - INTERNATIONAL STANDARD BOOK NUMBER | |
| International Standard Book Number | 047196493X (alk. paper) |
| 082 00 - DEWEY DECIMAL CLASSIFICATION NUMBER | |
| Classification number | 625.1 |
| Author Mark | BEL |
| 100 1# - MAIN ENTRY--PERSONAL NAME | |
| Personal name | Bell, Michael G. H. |
| 9 (RLIN) | 25261 |
| 245 10 - TITLE STATEMENT | |
| Title | Transportation network analysis |
| Statement of responsibility, etc. | Michael G.H. Bell, Yasunori Iida. |
| 260 ## - PUBLICATION, DISTRIBUTION, ETC. | |
| Place of publication, distribution, etc. | Chichester ; |
| -- | New York : |
| Name of publisher, distributor, etc. | J. Wiley, |
| Date of publication, distribution, etc. | c1997. |
| 526 ## - STUDY PROGRAM INFORMATION NOTE | |
| Program name | 0 |
| Interest level | 0 |
| Reading level | 0 |
| Title point value | 625_100000000000000_BEL |
| 650 #0 - SUBJECT ADDED ENTRY--TOPICAL TERM | |
| Topical term or geographic name entry element | MCE |
| 9 (RLIN) | 379 |
| 650 #0 - SUBJECT ADDED ENTRY--TOPICAL TERM | |
| Topical term or geographic name entry element | Transportation engineering. |
| 9 (RLIN) | 854 |
| 700 1# - ADDED ENTRY--PERSONAL NAME | |
| Personal name | Iida, Yasunori. |
| 9 (RLIN) | 25262 |
| 856 40 - ELECTRONIC LOCATION AND ACCESS | |
| Uniform Resource Identifier | <a href="http://www.columbia.edu/cgi-bin/cul/resolve?clio10750313">http://www.columbia.edu/cgi-bin/cul/resolve?clio10750313</a> |
| 942 ## - ADDED ENTRY ELEMENTS (KOHA) | |
| Source of classification or shelving scheme | |
| Koha item type | Book |
| Withdrawn status | Lost status | Source of classification or shelving scheme | Damaged status | Not for loan | Permanent Location | Current Location | Date acquired | Total Checkouts | Full call number | Barcode | Date last seen | Price effective from | Koha item type |
|---|---|---|---|---|---|---|---|---|---|---|---|---|---|
| Military College of Engineering (MCE) | Military College of Engineering (MCE) | 07/07/2014 | 625.1 BEL | MCE-44245 | 07/07/2014 | 07/07/2014 | Book |
